000 00694nam a2200289Ia 4500
005 20260324131204.0
008 008 260324s9999 xx 000 0 eng d
020 _a9780203967133
037 _aEBOOK
040 _aCRL
040 _beng
040 _cCRL
041 _2eng
041 _aeng
084 _qCRL
100 _aSean Lally; Jessica Young
_91184560
245 0 _aSoftspace
245 0 _bFrom a Representation of Form to a Simulation of Space
260 _bTaylor and Francis
260 _c2006
365 _a
365 _b290
856 _uhttp://www.taylorfrancis.com/books/9780203967133
942 _cEBOOK
999 _c1781487
_d1781487